Pinnochio Soundtrack - Statistics

General Stats
  • This quiz has been taken 2 times
  • The average score is 4 of 25
Answer Stats
Answer % Correct
I've Got No Strings
100%
When You Wish Upon a Star
100%
A Real Boy
50%
Give a Little Whistle
50%
The Blue Fairy
50%
Angry Cricket
0%
Clock Sequence
0%
Coach to Pleasure Island
0%
Deep Ripples
0%
Desolation Theme
0%
Hi Diddle Dee Dee
0%
Kitten Theme
0%
Lesson in Lies
0%
Little Wooden Head
0%
Message from the Blue Fairy
0%
Monstro Awakens
0%
Off to School
0%
Old Geppetto
0%
Sad Reunion
0%
Sinister Stromboli
0%
So Sorry
0%
To the Rescue
0%
Transformation
0%
Turn On the Old Music Box
0%
Whale Chase
0%
No matching quizzes found
Score Distribution
Percent of People with Each Score
Percentile by Number Answered
Your Score History
You have not taken this quiz